| 000 | 00746nam a2200205 a 4500 | ||
|---|---|---|---|
| 001 | 000042871 | ||
| 005 | 20201002040448.0 | ||
| 008 | 140211s2011 sp ac 000 0 spa d | ||
| 020 | _a9788481272307 | ||
| 040 |
_aDO-SdBNP _bspa _cBNPHU |
||
| 082 |
_axxx _bxxx |
||
| 100 | 1 |
_aPueyo Dolader, Olga _970286 |
|
| 245 | 1 | 3 |
_aEl crimen de los padres en la narrativa oscense de Michel del Castillo / _cOlga Pueyo Dolader. |
| 260 |
_aHuesca : _bInstituto de Estudios Altoaragoneses, _c2011. |
||
| 300 |
_a241 p. : _bil., retrs. ; _c24 cm. |
||
| 490 | 1 |
_aEstudios altoaragoneses _v60 |
|
| 500 | _aIncluye referencias bibliográficas y notas al pie de las páginas | ||
| 504 | _aBibliografía : p. 227-239 | ||
| 830 | 0 |
_aEstudios altoaragoneses ; _n60 _970287 |
|
| 999 |
_c42360 _d42360 |
||